Alle Schweizer Kantone-Sudden Death - Statistiken

Allgemein
  • Dieses Quiz wurde 154 mal gespielt
  • Das Durchschnittsergebnis liegt bei 17 aus 24
Answers on the Grid
Answers color-coded by a green-red scale on the quiz's grid according to % correct below.
Aargau
Freiburg
Zürich
Lugano
Basel-Landschaft
Rheintal
Bern
Wallis
Neuenburg
Aaretal
Glarus
Zug
Luzern
Zürcher Raum
Nidwalden
Jura
Appenzell Ausserrhoden
Obwalden
Schaffhausen
Basel-Stadt
Schwyz
St. Gallen
Thurgau
Graubünden
Innerschweiz
Berner Oberland
Solothurn
Tessin
Uri
Waadt
 
Antwortstatistiken
Antwort % Korrekt
Aargau
91%
Zürich
87%
Uri
77%
Wallis
74%
Bern
73%
St. Gallen
73%
Zug
73%
Schwyz
72%
Jura
71%
Tessin
71%
Appenzell Ausserrhoden
70%
Freiburg
70%
Glarus
70%
Graubünden
70%
Thurgau
69%
Basel-Stadt
67%
Basel-Landschaft
66%
Solothurn
66%
Luzern
64%
Nidwalden
62%
Waadt
62%
Schaffhausen
60%
Obwalden
59%
Neuenburg
55%
Keine übereinstimmenden Quizze gefunden
Verteilung der Resultate
Anzahl Personen mit jedem Resultat
Perzentil nach korrekt beantworteten Fragen
Ihre Resultats-Entwicklung
Sie haben dieses Quiz noch nicht gespielt